Priame zahraničné investície a ich vplyv na životné prostredie v procese globalizácie
Priame zahraničné investície a ich pozitívne a negatívne dopady na ekonomiku krajiny. Objasnenie vplyvu priamych zahraničných investícií na životné prostredie. Politiky konkurenčného boja o priame zahraničné investície medzi krajinami, ktoré sa realizujú prostredníctvom environmentálnych štandardov...
Saved in:
| Main Author: | |
|---|---|
| Other Authors: | |
| Format: | Book Chapter |
| Language: | Slovak |
| Subjects: | |
| Tags: |
No Tags, Be the first to tag this record!
|
MARC
| LEADER | 00000naa a2200000 4500 | ||
|---|---|---|---|
| 001 | 0120981 | ||
| 005 | 20240711082030.0 | ||
| 041 | 0 | |a slo | |
| 044 | |a SK | ||
| 245 | 1 | 0 | |a Priame zahraničné investície a ich vplyv na životné prostredie v procese globalizácie |c Eva Romančíková, Jana Mikócziová |
| 520 | |a Priame zahraničné investície a ich pozitívne a negatívne dopady na ekonomiku krajiny. Objasnenie vplyvu priamych zahraničných investícií na životné prostredie. Politiky konkurenčného boja o priame zahraničné investície medzi krajinami, ktoré sa realizujú prostredníctvom environmentálnych štandardov. Problematika priamych zahraničných investícií a životného prostredia z hľadiska zachovania trvalo udržateľného rozvoja. | ||
| 610 | 2 | 0 | |a investície priame zahraničné |
| 610 | 2 | 0 | |a rozvoj trvalo udržateľný |
| 610 | 2 | 0 | |a ochrana prostredia životného |
| 610 | 2 | 0 | |a politika environmentálna |
| 610 | 2 | 0 | |a konkurencieschopnosť |
| 610 | 2 | 0 | |a globalizácia |
| 100 | 1 | |a Romančíková, Eva | |
| 700 | 1 | |a Mikócziová, Jana | |